Land som begynner med D - Statistics

General Stats
  • This quiz has been taken 141 times
  • The average score is 3 of 7
Answer Stats
Land % Correct
Danmark
96%
Den demokratiske republikken {Kongo}
81%
Den dominikanske republikk
43%
Dominica
43%
Djibouti
40%
De forente arabiske emirater
21%
Den sentralafrikanske republikk
18%
No matching quizzes found
Score Distribution
Percent of People with Each Score
Percentile by Number Answered
Your Score History
You have not taken this quiz